Normal view
MARC view
- تأليف يبلعزوز، بن علي / م.مشارك: عبدالكريم قندوز، عبدالرزاق حبار
Entry Personal Name
001 - CONTROL NUMBER
- control field: 45660
003 - CONTROL NUMBER IDENTIFIER
- control field: JO-AjAnu
005 - DATE AND TIME OF LATEST TRANSACTION
- control field: 20230606081542.0
008 - FIXED-LENGTH DATA ELEMENTS
- fixed length control field: 230606|| aca||aabn | a|a d
040 ## - CATALOGING SOURCE
- Original cataloging agency: JO-AjAnu
- Transcribing agency: JO-AjAnu
100 ## - HEADING--PERSONAL NAME
- Personal name: تأليف يبلعزوز، بن علي / م.مشارك: عبدالكريم قندوز، عبدالرزاق حبار
670 ## - SOURCE DATA FOUND
- Source citation: Work cat.: (JO-AjAnu)23377: تأليف يبلعزوز، بن علي / م.مشارك: عبدالكريم قندوز، عبدالرزاق حبار, author, ادارة المخاطر: ادارة المحاطر، المشتقات المالية، الهندسة المالية